[Event "Baden Youth-ch 2020"]
[Site "Karlsruhe-Durlach"]
[Date "2020.01.03"]
[Round "2.5"]
[White "Schmitt, Daniel"]
[Black "Wu, Luka"]
[Result "1/2-1/2"]
[WhiteElo "1930"]
[BlackElo "2057"]
[Annotator "NA RC"]
[PlyCount "67"]
[EventDate "2020.01.02"]
[EventType "swiss"]
[EventCountry "GER"]
[SourceTitle "playchess.com"]
[Source "ChessBase"]
[SourceQuality "1"]
[TimeControl "5400+30"]

1. e4 {[%emt 0:00:00]} c5 {[%emt 0:00:00]} 2. Nf3 {[%emt 0:00:00]} d6 {[%emt 0:00:00]} 3. d4 {[%emt 0:00:00]} cxd4 {[%emt 0:00:00]} 4. Nxd4 {[%emt 0:00:00]} Nf6 {[%emt 0:00:00]} 5. f3 {[%emt 0:00:00]} g6 {[%emt 0:09:05]} 6. c4 {[%emt 0:00:11]} Bg7 {[%emt 0:00:14]} 7. Be3 {[%emt 0:00:42]} Nc6 {[%emt 0:01:42]} 8. Qd2 {[%emt 0:01:27]} O-O {[%emt 0:00:45]} 9. Nc3 {[%emt 0:01:59]} Bd7 {[%emt 0:00:27]} 10. Be2 {[%emt 0:07:09]} Qa5 {[%emt 0:02:57]} 11. O-O {[%emt 0:02:33]} Rfc8 {[%emt 0:01:10]} 12. Rac1 {[%emt 0:02:59]} a6 {[%emt 0:06:08]} 13. Rfd1 {[%emt 0:12:08]} Rab8 {[%emt 0:01:09] B38: Sicilian: Maroczy Bind with 5...Bg7 and 7...0-0} 14. Nd5 $2 $146 {[%emt 0:15:47]} ({Predecessor:} 14. Nb3 $14 {keeps the upper hand.} Qb4 (14... Qh5 15. Nd5 Nxd5 16. cxd5 Ne5 17. Nd4 f5 18. f4 Ng4 19. h3 fxe4 20. Ne6 Bxe6 21. dxe6 {1-0 (21) Matlak,M (2475)-Nurkiewicz,M (2387) Lubniewice 2005}) 15. c5) 14... Qxd2 {[%emt 0:04:19]} 15. Rxd2 {[%emt 0:00:08]} Nxd5 {[%emt 0:01:46]} 16. exd5 {[%emt 0:03:50]} Nxd4 {[%emt 0:00:27]} 17. Bxd4 {[%emt 0:00:06]} Bh6 {[%emt 0:00:19]} 18. Rcd1 {[%emt 0:02:37]} Bxd2 {[%emt 0:00:20]} 19. Rxd2 {[%emt 0:00:02]} b5 {[%emt 0:00:47]} 20. cxb5 {[%emt 0:01:43]} Bxb5 {[%emt 0:00:13]} 21. Kf2 {[%emt 0:01:28]} e6 {[%emt 0:05:03]} 22. dxe6 {[%emt 0:01:45]} fxe6 {[%emt 0:00:08]} 23. Bc3 {[%emt 0:02:04]} Bxe2 {[%emt 0:00:40]} 24. Kxe2 {[%emt 0:00:17]} Rd8 {[%emt 0:00:42]} 25. f4 {[%emt 0:00:49]} Kf7 {[%emt 0:00:10]} 26. Rd4 {[%emt 0:02:25]} Rbc8 {[%emt 0:01:42]} 27. Rb4 {[%emt 0:01:01]} Rd7 {[%emt 0:01:49]} 28. Rb6 {[%emt 0:01:07]} Ra8 {[%emt 0:00:06]} 29. Ke3 {[%emt 0:01:41]} d5 {[%emt 0:13:01]} 30. a4 {[%emt 0:05:44]} Rad8 {[%emt 0:13:47]} 31. Bd4 {[%emt 0:15:35]} Rd6 $11 {[%emt 0:11:34]} (31... a5 $17 32. Ra6 Rg8 33. Rxa5 g5) 32. Rb7+ $1 {[%emt 0:00:40]} R8d7 {[%emt 0:00:12]} 33. Rb8 {[%emt 0:00:20]} Rd8 {[%emt 0:09:49]} 34. Rb7+ {[%emt 0:00:09]} 1/2-1/2

[Event "Baden Youth-ch 2020"]
[Site "Karlsruhe-Durlach"]
[Date "2020.01.03"]
[Round "2.6"]
[White "Basovskiy, Jana"]
[Black "Schneider, Katharina"]
[Result "0-1"]
[WhiteElo "1791"]
[BlackElo "1672"]
[Annotator "NA RC"]
[PlyCount "62"]
[EventDate "2020.01.02"]
[EventType "swiss"]
[EventCountry "GER"]
[SourceTitle "playchess.com"]
[Source "ChessBase"]
[SourceQuality "1"]
[TimeControl "5400+30"]

1. e4 {[%emt 0:00:00]} e5 {[%emt 0:00:00]} 2. Nf3 {[%emt 0:00:00]} Nc6 {[%emt 0:00:00]} 3. Bc4 {[%emt 0:00:00]} Bc5 {[%emt 0:00:00]} 4. c3 {[%emt 0:00:00]} Nf6 {[%emt 0:00:00]} 5. d3 {[%emt 0:00:00]} a6 {[%emt 0:00:06]} 6. Nbd2 {[%emt 0:00:11]} Ba7 {[%emt 0:00:26]} 7. O-O {[%emt 0:01:05]} d6 {[%emt 0:00:29]} 8. Bb3 {[%emt 0:00:06]} h6 {[%emt 0:02:11]} 9. h3 {[%emt 0:13:05]} g5 {[%emt 0:01:48]} 10. Nc4 {[%emt 0:06:43]} g4 {[%emt 0:06:57]} 11. hxg4 {[%emt 0:02:26]} Bxg4 {[%emt 0:00:29]} 12. Ne3 {[%emt 0:01:06]} Rg8 {[%emt 0:22:07]} 13. Nxg4 {[%emt 0:16:56]} Nxg4 {[%emt 0:00:21]} 14. Qe2 {[%emt 0:01:01]} Qf6 {[%emt 0:15:26]} 15. Be3 {[%emt 0:22:19]} O-O-O {[%emt 0:03:46]} 16. Bxa7 {[%emt 0:00:39]} Nxa7 {[%emt 0:00:17]} 17. Nh2 {[%emt 0:06:16]} h5 {[%emt 0:04:13]} 18. Qf3 {[%emt 0:02:15]} Qh4 {[%emt 0:05:19]} 19. Nxg4 {[%emt 0:03:29]} hxg4 {[%emt 0:00:03]} 20. Qg3 {[%emt 0:00:09]} Qh5 {[%emt 0:03:05]} 21. f3 {[%emt 0:03:27]} Rdf8 {[%emt 0:02:54]} 22. f4 {[%emt 0:04:48]} Nc6 {[%emt 0:03:49]} 23. Bd1 {[%emt 0:04:22]} f5 {[%emt 0:03:17]} 24. Bb3 {[%emt 0:04:55]} Rg6 {[%emt 0:03:41]} 25. fxe5 {[%emt 0:00:00]} Nxe5 {[%emt 0:00:35]} 26. Rxf5 {[%emt 0:03:24]} Rxf5 {[%emt 0:00:30]} 27. exf5 {[%emt 0:00:04]} Qxf5 {[%emt 0:00:18]} 28. Bd1 {[%emt 0:01:17]} Nf3+ {[%emt 0:05:17]} 29. Kf2 {[%emt 0:00:06]} Nh2+ {[%emt 0:00:54]} 30. Ke2 {[%emt 0:00:32]} Re6+ {[%emt 0:00:08]} 31. Kd2 {[%emt 0:00:08]} Nf1+ {[%emt 0:17:04]} 0-1

[Event "Baden Youth-ch 2020"]
[Site "Karlsruhe-Durlach"]
[Date "2020.01.03"]
[Round "2.7"]
[White "Nass, Maximilian"]
[Black "Schmider, Niklas"]
[Result "1-0"]
[WhiteElo "1937"]
[BlackElo "2298"]
[Annotator "TA"]
[PlyCount "137"]
[EventDate "2020.01.02"]
[EventType "swiss"]
[EventCountry "GER"]
[SourceTitle "playchess.com"]
[Source "ChessBase"]
[SourceQuality "1"]

{[%evp 9,137,14,16,5,14,17,17,13,30,0,19,-4,-15,-8,-11,-26,25,23,55,12,13,24,0,-14,-4,-12,-6,-6,-27,-41,-34,-79,18,-117,-21,-12,-17,-10,-21,-12,0,0,0,-64,-64,-73,0,0,0,0,0,0,0,0,0,0,0,0,0,0,0,0,0,0,0,0,0,0,0,0,0,0,0,0,0,0,0,0,0,0,0,0,31,31,31,0,7,8,160,144,154,91,370,332,716,689,1050,1041,1712,1640,1146,1072,1920,1808,12839,12839,12840,12840,12841,12841,12841,12841,12841,12841,12844,12845,12845,12845,12845,12845,12850,27999,12851,29984,12851,27999,12851,27999,12851,27999]} 1. e4 c5 2. Nf3 d6 3. d4 Nf6 4. Bb5+ Bd7 5. Qe2 (5. Bxd7+ Nfxd7 6. d5 g6 7. c4 Bg7 8. Qc2 Na6 9. O-O Nc7 10. Nc3 a6 11. b3 b5 12. Bb2 {½-½ (33) Xiong,J (2640)-Bruzon Batista,L (2673) Saint Louis 2018}) 5... cxd4 6. Nxd4 {B53: Sicilian: 2...d6: Lines with Qxd4} a6 7. Bxd7+ Nbxd7 8. O-O {The position is equal.} g6 9. b3 $146 {[%cal Bb2b3,Bb3b4,Bb4b5][%mdl 32]} ({Predecessor:} 9. c4 Bg7 10. Rd1 O-O 11. Nc3 Rc8 12. b3 b5 {½-½ (35) Alekhine,A-Pereiro,E Malaga 1941}) 9... Bg7 10. Bb2 Nc5 11. Nd2 O-O (11... e5 $5 12. N4f3 $8 O-O $11) 12. a4 b6 (12... Re8 $142) 13. b4 $11 Nb7 14. Nc6 Qd7 15. b5 {Hoping for Nc4.} Nd8 16. Nxd8 Rfxd8 17. Nc4 Qb7 18. e5 dxe5 19. Nxe5 Qe4 20. Qc4 Qd5 (20... Qxc4 $17 21. Nxc4 Nd5) 21. Rad1 (21. Qb4 $11 {remains equal.}) 21... axb5 (21... Qxd1 $17 22. Qxf7+ {[%mdl 64] Double Attack} Kh8) 22. Rxd5 bxc4 23. Rxd8+ Rxd8 24. Nxc4 Rc8 25. Nxb6 Rxc2 26. Bxf6 (26. Rb1 $11) 26... Bxf6 {[%mdl 4096] Endgame KRB-KRN} 27. Nd5 Bg5 ({Black should play} 27... Ra2 $1 $17) 28. Ra1 Rc5 29. Ne3 Bf6 30. Ra2 Rc1+ 31. Nf1 Rc6 32. g3 Kf8 33. Ne3 Bd4 34. Rc2 Rxc2 35. Nxc2 {KB-KN} Bc5 36. Kf1 Ke8 37. Ke2 Kd7 38. f3 Kc6 39. Na1 Bg1 40. Nb3 Kd5 ({Don't play} 40... Bxh2 41. Kf2 $16) 41. h3 Kc4 42. Na5+ Kc5 43. Kf1 Be3 44. Ke2 Bg1 45. Nb7+ Kb6 46. Nd8 f6 $1 47. Kd3 Bf2 48. g4 g5 $2 {[#]} (48... Ka5 $11) 49. Ke4 $1 $16 Kc7 {[#]} 50. Ne6+ $1 Kd6 $2 {[%mdl 8192]} (50... Kd7 $16 51. Kd5 h6) 51. Kf5 $18 Kd5 $2 (51... Be1 52. Nf8 h6) 52. a5 Kc6 53. Nf8 h6 54. Ke6 Kb5 55. Kxe7 Bd4 56. Nd7 Kxa5 57. Nxf6 Kb5 58. Ng8 Kc4 59. Nxh6 Kd3 60. Ke6 Ke2 61. Kf5 Be3 62. Ke4 Bf2 63. Nf7 Bh4 64. f4 gxf4 65. Kxf4 Kf2 66. g5 Kg2 67. Kg4 Bf2 68. g6 {White wants to mate with g7.} Bd4 69. h4 {Accuracy: White = 71%, Black = 34%.} 1-0

[Event "Baden Youth-ch 2020"]
[Site "Karlsruhe-Durlach"]
[Date "2020.01.03"]
[Round "2.9"]
[White "Schneider, Xenia"]
[Black "Wagner, Lena"]
[Result "1-0"]
[WhiteElo "1332"]
[BlackElo "1289"]
[Annotator "NA RC"]
[PlyCount "45"]
[EventDate "2020.01.02"]
[EventType "swiss"]
[EventCountry "GER"]
[SourceTitle "playchess.com"]
[Source "ChessBase"]
[SourceQuality "1"]
[TimeControl "5400+30"]

1. e4 {[%emt 0:00:00]} c6 {[%emt 0:00:00]} 2. d4 {[%emt 0:00:00]} d5 {[%emt 0:00:00]} 3. Nc3 {[%emt 0:00:00]} dxe4 {[%emt 0:00:02]} 4. Nxe4 {[%emt 0:00:00]} Bf5 {[%emt 0:00:17]} 5. Ng3 {[%emt 0:00:02]} Bg6 {[%emt 0:00:50]} 6. h4 {[%emt 0:00:36]} Nf6 {[%emt 0:00:59]} 7. Nf3 {[%emt 0:17:48]} e6 {[%emt 0:02:35]} 8. h5 {[%emt 0:02:34]} Be4 {[%emt 0:02:43]} 9. Ng5 {[%emt 0:20:11]} Bd5 {[%emt 0:04:18]} 10. c4 {[%emt 0:04:21]} c5 {[%emt 0:04:12]} 11. cxd5 {[%emt 0:00:18]} Nxd5 {[%emt 0:01:13]} 12. Bb5+ {[%emt 0:02:06]} Nc6 {[%emt 0:01:57]} 13. O-O {[%emt 0:03:36]} Be7 {[%emt 0:02:47]} 14. N3e4 {[%emt 0:02:47]} Bxg5 {[%emt 0:03:49]} 15. Bxg5 {[%emt 0:00:14]} Qb6 {[%emt 0:00:23]} 16. dxc5 {[%emt 0:01:30]} Qa5 {[%emt 0:03:04]} 17. Nd6+ {[%emt 0:04:11]} Kf8 {[%emt 0:02:09]} 18. h6 {[%emt 0:01:05]} gxh6 {[%emt 0:01:25]} 19. Bxh6+ {[%emt 0:01:48]} Ke7 {[%emt 0:00:23]} 20. Qh5 {[%emt 0:02:15]} Nd8 {[%emt 0:01:53]} 21. Rfe1 {[%emt 0:01:19]} a6 {[%emt 0:01:10]} 22. Nf5+ {[%emt 0:00:19]} Kf6 {[%emt 0:00:31]} 23. Qg5# {[%emt 0:00:08]} 1-0

[Event "Baden Youth-ch 2020"]
[Site "Karlsruhe-Durlach"]
[Date "2020.01.03"]
[Round "2.10"]
[White "Grining, Maria"]
[Black "Ehmann, Johanna"]
[Result "1/2-1/2"]
[WhiteElo "1744"]
[BlackElo "1846"]
[Annotator "NA RC"]
[PlyCount "44"]
[EventDate "2020.01.02"]
[EventType "swiss"]
[EventCountry "GER"]
[SourceTitle "playchess.com"]
[Source "ChessBase"]
[SourceQuality "1"]
[TimeControl "5400+30"]

1. d4 {[%emt 0:00:00]} d5 {[%emt 0:00:00]} 2. Nf3 {[%emt 0:00:00]} e6 {[%emt 0:00:00]} 3. e3 {[%emt 0:00:00]} c5 {[%emt 0:00:21]} 4. c4 {[%emt 0:00:00]} cxd4 {[%emt 0:00:33]} 5. exd4 {[%emt 0:00:04]} Nf6 {[%emt 0:00:21]} 6. Nc3 {[%emt 0:00:42]} Be7 {[%emt 0:00:43]} 7. Bd3 {[%emt 0:00:58]} dxc4 {[%emt 0:00:17]} 8. Bxc4 {[%emt 0:00:10]} O-O {[%emt 0:00:15]} 9. O-O {[%emt 0:00:18]} a6 {[%emt 0:00:58]} 10. b3 {[%emt 0:03:34]} b5 {[%emt 0:04:18]} 11. Be2 {[%emt 0:00:45]} Bb7 {[%emt 0:01:21]} 12. Bb2 {[%emt 0:00:49]} Nbd7 {[%emt 0:02:42]} 13. Ne5 {[%emt 0:10:45]} Nb6 {[%emt 0:04:46]} 14. Rc1 {[%emt 0:02:06]} Rc8 {[%emt 0:09:51]} 15. Bf3 {[%emt 0:02:28]} Nfd5 {[%emt 0:10:23]} 16. Ne4 $11 {[%emt 0:06:33]} Ba8 {[%emt 0:09:19]} 17. Nc5 {[%emt 0:05:56]} Bg5 {[%emt 0:08:21]} 18. Ra1 {[%emt 0:04:02]} Nc7 {[%emt 0:04:35]} 19. Nb7 {[%emt 0:19:30]} Qe7 {[%emt 0:09:33]} 20. Nc6 {[%emt 0:01:59]} Qd7 {[%emt 0:03:32]} 21. Ne5 {[%emt 0:17:53]} Qe7 {[%emt 0:00:43]} 22. Nc6 {[%emt 0:00:27]} Qd7 {[%emt 0:00:07]} 1/2-1/2

[Event "Baden Youth-ch 2020"]
[Site "Karlsruhe-Durlach"]
[Date "2020.01.03"]
[Round "3.1"]
[White "Ljuca, Semir"]
[Black "Hecht, Jonas"]
[Result "0-1"]
[WhiteElo "1397"]
[BlackElo "1754"]
[Annotator "NA"]
[PlyCount "88"]
[EventDate "2020.01.02"]
[EventType "swiss"]
[EventCountry "GER"]
[SourceTitle "playchess.com"]
[Source "ChessBase"]
[SourceQuality "1"]
[TimeControl "5400+30"]

1. e4 {[%emt 0:00:00]} e5 {[%emt 0:00:00]} 2. Nf3 {[%emt 0:00:00]} Nc6 {[%emt 0:00:00]} 3. Bb5 {[%emt 0:00:00]} a6 {[%emt 0:00:00]} 4. Ba4 {[%emt 0:00:00]} Nf6 {[%emt 0:00:08]} 5. O-O {[%emt 0:00:04]} d6 {[%emt 0:00:45]} 6. Re1 {[%emt 0:00:32]} b5 {[%emt 0:00:16]} 7. Bb3 {[%emt 0:00:06]} Be7 {[%emt 0:00:04]} 8. c3 {[%emt 0:00:21]} O-O {[%emt 0:00:28]} 9. h3 {[%emt 0:01:47]} Na5 {[%emt 0:04:15]} 10. Bc2 {[%emt 0:00:26]} c5 {[%emt 0:00:23]} 11. d3 {[%emt 0:01:14]} Qc7 {[%emt 0:01:52]} 12. Nbd2 {[%emt 0:03:31]} Bb7 {[%emt 0:02:44]} 13. Nf1 {[%emt 0:02:26]} Rfe8 {[%emt 0:05:11]} 14. Ng3 {[%emt 0:03:13]} Bf8 {[%emt 0:01:36]} 15. Bg5 {[%emt 0:03:49]} Qd8 {[%emt 0:05:04]} 16. Qd2 {[%emt 0:06:52]} h6 {[%emt 0:05:08]} 17. Bh4 {[%emt 0:01:25]} Bc8 {[%emt 0:03:01]} 18. b4 {[%emt 0:05:51]} cxb4 {[%emt 0:01:56]} 19. cxb4 {[%emt 0:00:10]} Nc6 {[%emt 0:00:40]} 20. Bb3 {[%emt 0:01:44]} Be6 {[%emt 0:02:49]} 21. Bxe6 {[%emt 0:04:46]} fxe6 {[%emt 0:00:40]} 22. Nh5 {[%emt 0:04:47]} Be7 {[%emt 0:01:34]} 23. Nxf6+ {[%emt 0:00:46]} Bxf6 {[%emt 0:00:18]} 24. Bxf6 {[%emt 0:00:06]} Qxf6 {[%emt 0:00:14]} 25. Rac1 {[%emt 0:01:28]} Ne7 {[%emt 0:04:08]} 26. Re3 {[%emt 0:05:01]} Ng6 {[%emt 0:03:27]} 27. Nh2 {[%emt 0:01:42]} Nf4 {[%emt 0:02:45]} 28. Ng4 {[%emt 0:02:05]} Qg5 {[%emt 0:00:13]} 29. Kh1 {[%emt 0:01:25]} h5 {[%emt 0:00:57]} 30. g3 {[%emt 0:07:46]} hxg4 {[%emt 0:03:43]} 31. gxf4 {[%emt 0:03:08]} exf4 {[%emt 0:00:21]} 32. Rg3 {[%emt 0:02:11]} Qh6 {[%emt 0:00:18]} 33. Rg2 {[%emt 0:03:05]} f3 {[%emt 0:00:02]} 34. Qxh6 {[%emt 0:00:16]} fxg2+ {[%emt 0:00:02]} 35. Kxg2 {[%emt 0:00:11]} gxh6 {[%emt 0:00:04]} 36. hxg4 {[%emt 0:00:19]} Rac8 {[%emt 0:00:10]} 37. Rh1 {[%emt 0:00:29]} Kg7 {[%emt 0:00:09]} 38. f4 {[%emt 0:00:17]} Rc2+ {[%emt 0:00:04]} 39. Kg3 {[%emt 0:00:21]} Rd2 {[%emt 0:00:38]} 40. g5 {[%emt 0:36:20]} Rxd3+ {[%emt 0:53:53]} 41. Kg4 {[%emt 0:00:00]} hxg5 {[%emt 0:00:00]} 42. fxg5 {[%emt 0:00:00]} Rf8 {[%emt 0:00:00]} 43. Rh6 {[%emt 0:00:00]} e5 {[%emt 0:00:00]} 44. a3 {[%emt 0:00:00]} Rf4+ {[%emt 0:00:00]} 0-1

[Event "Baden Youth-ch 2020"]
[Site "Karlsruhe-Durlach"]
[Date "2020.01.03"]
[Round "3.2"]
[White "Haenselmann, Hendrik"]
[Black "Wehrle, Valentin"]
[Result "1-0"]
[WhiteElo "1807"]
[BlackElo "1364"]
[Annotator "NA"]
[PlyCount "59"]
[EventDate "2020.01.02"]
[EventType "swiss"]
[EventCountry "GER"]
[SourceTitle "playchess.com"]
[Source "ChessBase"]
[SourceQuality "1"]
[TimeControl "5400+30"]

1. e4 {[%emt 0:00:00]} c5 {[%emt 0:00:00]} 2. Nf3 {[%emt 0:00:00]} e6 {[%emt 0:00:00]} 3. d4 {[%emt 0:00:00]} cxd4 {[%emt 0:00:05]} 4. Nxd4 {[%emt 0:00:00]} Nf6 {[%emt 0:00:11]} 5. Nc3 {[%emt 0:00:00]} d6 {[%emt 0:00:16]} 6. Be2 {[%emt 0:00:05]} Be7 {[%emt 0:00:24]} 7. O-O {[%emt 0:00:08]} O-O {[%emt 0:00:21]} 8. Be3 {[%emt 0:00:08]} a6 {[%emt 0:01:49]} 9. a4 {[%emt 0:01:10]} Bd7 {[%emt 0:01:11]} 10. f4 {[%emt 0:00:16]} Nc6 {[%emt 0:00:44]} 11. Kh1 {[%emt 0:00:21]} Rc8 {[%emt 0:01:50]} 12. Qe1 {[%emt 0:02:04] B85: Sicilian Scheveningen: 6 Be2 a6, lines with early Be3} Nxd4 {[%emt 0:02:02]} 13. Bxd4 {[%emt 0:00:10]} Bc6 {[%emt 0:00:17]} 14. Bd3 {[%emt 0:00:48] [#]} d5 $146 {[%emt 0:01:05]} ({Predecessor:} 14... Nd7 15. Rd1 Qc7 16. Qg3 e5 17. Be3 Kh8 18. Rf3 Bf6 19. Qh3 Rce8 20. f5 d5 21. exd5 e4 22. Nxe4 Bxd5 23. Nxf6 Nxf6 {1-0 (30) Efimenko,Z (2670)-Predojevic,B (2634) Subotica 2008}) 15. e5 {[%emt 0:01:46]} Nd7 {[%emt 0:00:13]} 16. Qg3 {[%emt 0:04:14]} Bc5 {[%emt 0:00:45]} 17. Ne2 {[%emt 0:01:59]} a5 {[%emt 0:02:08]} 18. f5 {[%emt 0:05:01]} exf5 {[%emt 0:01:54]} 19. e6 {[%emt 0:01:45]} ({Weaker is} 19. Rxf5 Qe7 $14) (19. Bxf5 Bxd4 20. Nxd4 Rc7 $18) 19... Bxd4 {[%emt 0:01:52]} 20. exd7 {[%emt 0:01:42]} Bxd7 {[%emt 0:00:13]} 21. Nxd4 {[%emt 0:00:27]} g6 {[%emt 0:00:22]} 22. Nxf5 {[%emt 0:01:21]} Kh8 $2 {[%emt 0:00:44] [#]} (22... Rc6 23. Ne3 Be6) 23. Nd6 $18 {[%emt 0:01:42] Double Attack, Discovered Attack} Rb8 {[%emt 0:00:32]} 24. Nxf7+ {[%emt 0:00:33]} Rxf7 {[%emt 0:00:13]} 25. Rxf7 {[%emt 0:00:06]} Be6 {[%emt 0:00:14] [#]} 26. Rxh7+ $1 {[%emt 0:00:21]} Kg8 {[%emt 0:00:51]} 27. Qxg6+ {[%emt 0:00:26]} Kf8 {[%emt 0:00:09]} 28. Qg7+ {[%emt 0:00:07]} Ke8 {[%emt 0:00:10]} 29. Rh8+ {[%emt 0:00:06]} Bg8 {[%emt 0:00:07]} 30. Bg6# {[%emt 0:00:07]} 1-0

[Event "Baden Youth-ch 2020"]
[Site "Karlsruhe-Durlach"]
[Date "2020.01.03"]
[Round "3.3"]
[White "Schneider, Anna"]
[Black "Fischer, Darja"]
[Result "1/2-1/2"]
[WhiteElo "1758"]
[BlackElo "1546"]
[Annotator "NA"]
[PlyCount "100"]
[EventDate "2020.01.02"]
[EventType "swiss"]
[EventCountry "GER"]
[SourceTitle "playchess.com"]
[Source "ChessBase"]
[SourceQuality "1"]
[TimeControl "5400+30"]

1. e4 {[%emt 0:00:00]} c6 {[%emt 0:00:00]} 2. c4 {[%emt 0:00:00]} d5 {[%emt 0:00:00]} 3. exd5 {[%emt 0:00:00]} cxd5 {[%emt 0:00:00]} 4. cxd5 {[%emt 0:00:00]} Nf6 {[%emt 0:00:00]} 5. Nc3 {[%emt 0:00:00]} Nxd5 {[%emt 0:02:07]} 6. Nf3 {[%emt 0:00:00]} Nf6 {[%emt 0:02:12]} 7. d4 {[%emt 0:00:59]} Bg4 {[%emt 0:01:59]} 8. Bc4 {[%emt 0:10:16]} e6 {[%emt 0:01:21]} 9. Qa4+ {[%emt 0:01:22]} Nbd7 {[%emt 0:02:27]} 10. Ne5 {[%emt 0:03:40]} a6 {[%emt 0:03:06]} 11. Nxg4 {[%emt 0:06:38]} Nxg4 {[%emt 0:00:09]} 12. Qd1 {[%emt 0:00:45]} Ngf6 {[%emt 0:00:35]} 13. O-O {[%emt 0:00:30]} Be7 {[%emt 0:00:17]} 14. Re1 {[%emt 0:00:26]} O-O {[%emt 0:00:56]} 15. Bb3 {[%emt 0:01:57]} Nb6 {[%emt 0:02:41]} 16. Qf3 {[%emt 0:02:39]} Qd7 {[%emt 0:02:27]} 17. Bg5 {[%emt 0:01:02]} Nfd5 {[%emt 0:03:17]} 18. Nxd5 {[%emt 0:01:18]} Nxd5 {[%emt 0:00:33]} 19. Bxe7 {[%emt 0:00:37]} Nxe7 {[%emt 0:00:28]} 20. Rad1 {[%emt 0:02:02]} Rfd8 {[%emt 0:01:27]} 21. Re2 {[%emt 0:01:19]} Nd5 {[%emt 0:00:50]} 22. Bc2 {[%emt 0:01:43]} Rac8 {[%emt 0:02:12]} 23. Bb1 {[%emt 0:01:54]} Rc7 {[%emt 0:02:00]} 24. Qh3 {[%emt 0:01:39]} g6 {[%emt 0:00:58]} 25. Qh6 {[%emt 0:04:28]} Qb5 {[%emt 0:03:49]} 26. Red2 {[%emt 0:03:44]} Rdc8 {[%emt 0:01:00]} 27. Qh3 {[%emt 0:07:23]} Rc1 {[%emt 0:01:41]} 28. Qf3 {[%emt 0:03:04]} Qb4 {[%emt 0:02:49]} 29. Qe2 {[%emt 0:03:46]} Qc4 {[%emt 0:06:00]} 30. Qe1 {[%emt 0:04:52]} Rxd1 {[%emt 0:00:10]} 31. Rxd1 {[%emt 0:00:34]} Qb4 {[%emt 0:03:15]} 32. Qxb4 {[%emt 0:01:00]} Nxb4 {[%emt 0:00:06]} 33. a3 {[%emt 0:00:24]} Nd5 {[%emt 0:00:13]} 34. g3 {[%emt 0:00:36]} Kf8 {[%emt 0:00:51]} 35. Bd3 {[%emt 0:00:21]} Ke7 {[%emt 0:01:04]} 36. Kf1 {[%emt 0:00:32]} Kd6 {[%emt 0:00:47]} 37. Ke2 {[%emt 0:01:01]} Rc6 {[%emt 0:04:32]} 38. Rd2 {[%emt 0:02:06]} f6 {[%emt 0:02:38]} 39. Rc2 {[%emt 0:01:08]} Rxc2+ {[%emt 0:01:13]} 40. Bxc2 {[%emt 0:00:11]} f5 {[%emt 0:01:44]} 41. f4 {[%emt 0:04:49]} h6 {[%emt 0:01:07]} 42. Bb3 {[%emt 0:02:04]} b6 {[%emt 0:01:41]} 43. h3 {[%emt 0:01:15]} h5 {[%emt 0:00:24]} 44. Kf3 {[%emt 0:00:43]} Kc6 {[%emt 0:00:48]} 45. Bc4 {[%emt 0:01:05]} b5 {[%emt 0:00:33]} 46. Bb3 {[%emt 0:01:02]} Kd6 {[%emt 0:01:50]} 47. Bc2 {[%emt 0:01:29]} Kc6 {[%emt 0:01:05]} 48. Bb3 {[%emt 0:01:45]} Kd6 {[%emt 0:00:04]} 49. Bc2 {[%emt 0:00:31]} Kc6 {[%emt 0:00:04]} 50. Bb3 {[%emt 0:00:45]} Kd6 {[%emt 0:00:22]} 1/2-1/2

[Event "Baden Youth-ch 2020"]
[Site "Karlsruhe-Durlach"]
[Date "2020.01.03"]
[Round "3.4"]
[White "Wu, Leon"]
[Black "Dobrikov, Marco"]
[Result "0-1"]
[WhiteElo "2023"]
[BlackElo "2291"]
[Annotator "NA"]
[PlyCount "108"]
[EventDate "2020.01.02"]
[EventType "swiss"]
[EventCountry "GER"]
[SourceTitle "playchess.com"]
[Source "ChessBase"]
[SourceQuality "1"]
[TimeControl "5400+30"]

1. e4 {[%emt 0:00:00]} c5 {[%emt 0:00:00]} 2. Nf3 {[%emt 0:00:00]} d6 {[%emt 0:00:00]} 3. d4 {[%emt 0:00:00]} cxd4 {[%emt 0:00:00]} 4. Nxd4 {[%emt 0:00:00]} Nf6 {[%emt 0:00:00]} 5. Nc3 {[%emt 0:00:00]} a6 {[%emt 0:00:00]} 6. Bg5 {[%emt 0:00:13]} Nbd7 {[%emt 0:00:28]} 7. Qe2 {[%emt 0:00:30]} h6 {[%emt 0:00:30]} 8. Bh4 {[%emt 1:33:17]} g6 9. O-O-O {[%emt 0:00:00]} e5 {[%emt 0:00:43]} 10. Nb3 {[%emt 0:00:00]} b5 {[%emt 0:06:15]} 11. Nd5 {[%emt 0:00:00]} g5 {[%emt 0:02:25]} 12. Bg3 {[%emt 0:00:00]} Nxd5 {[%emt 0:00:25]} 13. exd5 {[%emt 0:00:00]} Be7 {[%emt 0:02:23]} 14. h4 {[%emt 0:00:00]} gxh4 {[%emt 0:01:54]} 15. Bh2 {[%emt 0:00:00]} Nf6 {[%emt 0:00:58]} 16. Qe1 {[%emt 0:00:00]} Ng4 {[%emt 0:03:50]} 17. f4 {[%emt 0:00:00]} Nxh2 $11 {[%emt 0:10:41]} 18. Rxh2 {[%emt 0:00:00]} Bg4 {[%emt 0:09:21]} 19. Be2 {[%emt 0:00:00]} h5 {[%emt 0:08:03]} 20. Bxg4 {[%emt 0:00:00]} hxg4 {[%emt 0:00:20]} 21. fxe5 {[%emt 0:00:00]} dxe5 {[%emt 0:08:01]} 22. Qxe5 {[%emt 0:07:00]} Rh6 {[%emt 0:00:10]} 23. d6 {[%emt 0:00:00]} Rxd6 {[%emt 0:00:08]} 24. Rxd6 {[%emt 0:00:00]} Qxd6 {[%emt 0:00:01]} 25. Qxd6 {[%emt 0:00:00]} Bxd6 {[%emt 0:00:03]} 26. Rxh4 {[%emt 0:00:00]} Bf4+ {[%emt 0:00:18]} 27. Kd1 {[%emt 0:00:00]} O-O-O+ {[%emt 0:00:12]} 28. Ke2 {[%emt 0:00:00]} f5 {[%emt 0:00:24]} 29. Rh7 {[%emt 0:00:00]} a5 {[%emt 0:05:12]} 30. c3 {[%emt 0:00:00]} Re8+ {[%emt 0:00:41]} 31. Kf2 {[%emt 0:00:00]} Be3+ {[%emt 0:00:38]} 32. Kg3 {[%emt 0:00:00]} a4 {[%emt 0:29:24]} 33. Nd4 {[%emt 0:00:00]} Bxd4 {[%emt 0:02:34]} 34. cxd4 {[%emt 0:00:00]} Re2 {[%emt 0:00:03]} 35. Rf7 {[%emt 0:00:00]} Rxb2 {[%emt 0:00:35]} 36. Rxf5 {[%emt 0:00:00]} Kc7 {[%emt 0:01:33]} 37. Kxg4 {[%emt 0:01:33]} Rxg2+ {[%emt 0:00:48]} 38. Kf3 {[%emt 0:00:15]} Rb2 {[%emt 0:00:05]} 39. Ke3 {[%emt 0:03:43]} Kb6 {[%emt 0:00:33]} 40. Rf6+ {[%emt 0:00:29]} Ka5 {[%emt 0:01:55]} 41. a3 {[%emt 0:01:53]} Rb3+ {[%emt 0:00:01]} 42. Kd2 {[%emt 0:00:38]} Rxa3 {[%emt 0:00:03]} 43. d5 {[%emt 0:00:06]} Ra2+ {[%emt 0:00:38]} 44. Kd3 {[%emt 0:00:21]} Ra1 {[%emt 0:00:22]} 45. Kd2 {[%emt 0:00:18]} a3 {[%emt 0:02:00]} 46. Kc2 {[%emt 0:00:41]} Rd1 {[%emt 0:00:59]} 47. Kb3 {[%emt 0:02:33]} Rd3+ {[%emt 0:01:05]} 48. Ka2 {[%emt 0:00:00]} b4 {[%emt 0:00:29]} 49. Rf5 {[%emt 0:00:01]} Ka4 {[%emt 0:00:04]} 50. Kb1 {[%emt 0:00:46]} b3 {[%emt 0:00:17]} 51. Rf4+ {[%emt 0:00:27]} Kb5 {[%emt 0:00:01]} 52. Rf1 {[%emt 0:00:33]} Rxd5 {[%emt 0:00:16]} 53. Kc1 {[%emt 0:00:13]} Kc4 {[%emt 0:00:26]} 54. Rf4+ {[%emt 0:00:33]} Kc3 {[%emt 0:00:09]} 0-1